000 00523nam a2200169Ia 4500
999 _c12253
_d12253
003 OSt
005 20201005151701.0
008 190216s9999||||xx |||||||||||||| ||und||
040 _coclc
082 _a812.52
_bONE/E
100 _aOneill, Eugene
_94663
245 4 _aThe Emperor Jones Anna Christie The Hairy Ape /
_cEugene Oneill
260 _bThe Modern Library,
_c1949.
_aUunited State of America:
300 _a260p
650 _aEnglish Drama
942 _cBK
_2ddc
_h812.52
_iONE/E
_k812.52
_mONE/E